[Event "Wch U14 Girls blitz"]
[Site "Terme Catez"]
[Date "2024.12.16"]
[Round "17"]
[White "Ferrer Naranjo, Liennys"]
[Black "Petergova, Stella"]
[Result "1-0"]
[WhiteElo "1862"]
[BlackElo "1736"]
[PlyCount "79"]
[EventDate "2024.12.16"]
[EventType "swiss (blitz)"]
[EventRounds "22"]
[EventCountry "SLO"]
[SourceTitle "CB51_2024"]
[SourceDate "2024.12.18"]
[SourceVersion "1"]
[SourceVersionDate "2024.12.18"]
[SourceQuality "1"]

1. e4 c5 2. Nf3 Nc6 3. d4 cxd4 4. Nxd4 g6 5. Nc3 Bg7 6. Nde2 Nf6 7. g3 0-0 8. Bg2 d6 9. 0-0 a6 10. a4 Qc7 11. h3 b6 12. Be3 Bb7 13. f4 Rac8 14. Kh2 Na5 15. Bd4 Nc6 16. Be3 Na5 17. Bd4 Nc6 18. Bxf6 Bxf6 19. Nd5 Qb8 20. Nxf6+ exf6 21. c3 Ne7 22. Nd4 d5 23. exd5 Bxd5 24. Bxd5 Nxd5 25. Qf3 Rfd8 26. f5 g5 27. h4 h6 28. Rae1 Kg7 29. Kg2 b5 30. hxg5 hxg5 31. axb5 axb5 32. Rh1 b4 33. Qh5 Rh8 34. Qf3 Rxh1 35. Rxh1 Nb6 36. Qh5 Rh8 37. Ne6+ fxe6 38. Qg6+ Kf8 39. Rxh8+ Ke7 40. Rxb8 1-0

[Event "Wch U14 Girls blitz"]
[Site "Terme Catez"]
[Date "2024.12.16"]
[Round "22"]
[White "Ferrer Naranjo, Liennys"]
[Black "Woytitzki, Maja"]
[Result "1-0"]
[WhiteElo "1862"]
[BlackElo "1710"]
[PlyCount "119"]
[EventDate "2024.12.16"]
[EventType "swiss (blitz)"]
[EventRounds "22"]
[EventCountry "SLO"]
[SourceTitle "CB51_2024"]
[SourceDate "2024.12.18"]
[SourceVersion "1"]
[SourceVersionDate "2024.12.18"]
[SourceQuality "1"]

1. e4 c5 2. Nf3 d6 3. d4 cxd4 4. Nxd4 Nf6 5. Nc3 a6 6. f4 e6 7. Qf3 Be7 8. g4 h6 9. h4 Qc7 10. g5 hxg5 11. hxg5 Rxh1 12. Qxh1 Nfd7 13. Qh8+ Bf8 14. Be2 Nc6 15. Nxc6 Qxc6 16. Be3 b5 17. a3 Nc5 18. Bd3 Bb7 19. 0-0-0 0-0-0 20. Qh3 Nxd3+ 21. Rxd3 Kb8 22. f5 d5 23. exd5 exd5 24. Bf4+ Ka8 25. Rd4 Bc5 26. Rd1 d4 27. Ne2 Rc8 28. Qd3 Rd8 29. Kb1 Qe4 30. Qxe4 Bxe4 31. Ng3 Bf3 32. Rd3 Bg4 33. Be5 f6 34. gxf6 gxf6 35. Bxf6 Kb7 36. c3 Rf8 37. Bxd4 Bxd4 38. Rxd4 Bxf5+ 39. Nxf5 Rxf5 40. Ka2 Rf2 41. Kb3 Kc6 42. c4 Rf3+ 43. Kb4 Rf5 44. cxb5+ Rxb5+ 45. Kc3 Kc5 46. Rh4 Kc6 47. Rh6+ Kb7 48. b4 Rg5 49. a4 Rg3+ 50. Kc4 Rg4+ 51. Kc5 Rg5+ 52. Kd6 Rg4 53. Rh7+ Kb6 54. a5+ Kb5 55. Rb7+ Ka4 56. Kc6 Rg6+ 57. Kc7 Rg7+ 58. Kb8 Rg6 59. Ka7 Rg7 60. Rxg7 1-0

[Event "Wch U14 Girls rapid"]
[Site "Terme Catez"]
[Date "2024.12.15"]
[Round "6"]
[White "Anand, Dhriti"]
[Black "Ferrer Naranjo, Liennys"]
[Result "0-1"]
[WhiteElo "1782"]
[BlackElo "1766"]
[PlyCount "86"]
[EventDate "2024.12.14"]
[EventType "swiss (rapid)"]
[EventRounds "11"]
[EventCountry "SLO"]
[SourceTitle "CB51_2024"]
[SourceDate "2024.12.18"]
[SourceVersion "1"]
[SourceVersionDate "2024.12.18"]
[SourceQuality "1"]

1. d4 d5 2. Nf3 Nf6 3. g3 c6 4. Bg2 Bf5 5. 0-0 e6 6. b3 Bd6 7. c4 0-0 8. Bb2 b5 9. Nbd2 Nbd7 10. Re1 Rb8 11. Qc1 Ne4 12. Nh4 Bb4 13. Rd1 Bxd2 14. Rxd2 Nxd2 15. Qxd2 Bg6 16. Ba3 Re8 17. Nxg6 hxg6 18. e4 bxc4 19. bxc4 Nb6 20. cxd5 cxd5 21. Bc5 Nc4 22. Qf4 a6 23. Re1 Nb6 24. Bf1 a5 25. Bd6 Rc8 26. Bc5 Nd7 27. Bb5 Nxc5 28. dxc5 Rf8 29. c6 Qb6 30. a4 d4 31. Rd1 Rfd8 32. e5 d3 33. Qd2 Qd4 34. Qxa5 Qxe5 35. Qd2 Qc5 36. Rc1 Qb6 37. Rc3 Qa5 38. Bxd3 Rxc6 39. Rc2 Qxd2 40. Rxd2 Rcd6 41. a5 Rxd3 42. Ra2 Ra8 43. a6 Rd7 0-1

[Event "Wch U14 Girls rapid"]
[Site "Terme Catez"]
[Date "2024.12.15"]
[Round "7"]
[White "Ferrer Naranjo, Liennys"]
[Black "Vu, Nguyen Bao Linh"]
[Result "1-0"]
[WhiteElo "1766"]
[BlackElo "1781"]
[PlyCount "121"]
[EventDate "2024.12.14"]
[EventType "swiss (rapid)"]
[EventRounds "11"]
[EventCountry "SLO"]
[SourceTitle "CB51_2024"]
[SourceDate "2024.12.18"]
[SourceVersion "1"]
[SourceVersionDate "2024.12.18"]
[SourceQuality "1"]

1. e4 c6 2. d4 d5 3. exd5 cxd5 4. Bd3 Nc6 5. c3 Nf6 6. Bf4 g6 7. Nf3 Qb6 8. Qb3 Bf5 9. Qxb6 axb6 10. Bb5 Rc8 11. Ne5 Bd7 12. Nxd7 Nxd7 13. Nd2 Bg7 14. Nf3 0-0 15. 0-0 Nf6 16. Rfe1 Nh5 17. Bg3 Nxg3 18. hxg3 e6 19. a4 Ra8 20. Ra3 Ne7 21. g4 Nc8 22. Rea1 Nd6 23. Bd3 Rfc8 24. a5 bxa5 25. Rxa5 Rxa5 26. Rxa5 Bh6 27. g5 Bf8 28. Ne5 Be7 29. f4 Kg7 30. Ng4 Bd8 31. Ra4 b5 32. Ra6 Be7 33. Rb6 Ra8 34. Bxb5 Ra1+ 35. Kh2 Ne4 36. Bd3 Re1 37. Bxe4 dxe4 38. Kg3 Rd1 39. Nf2 Re1 40. Ng4 Bd8 41. Rb7 e3 42. Ne5 Rf1 43. Rxf7+ Kg8 44. Rd7 Bb6 45. Rb7 Ba5 46. b4 e2 47. Nd3 Rd1 48. Kf2 Rxd3 49. Kxe2 Rxc3 50. bxa5 Ra3 51. Ra7 Kh8 52. a6 Kg8 53. Kf2 Kh8 54. g4 Kg8 55. f5 exf5 56. gxf5 gxf5 57. d5 f4 58. d6 Rd3 59. Rd7 Ra3 60. a7 Ra6 61. Rd8+ 1-0

[Event "Havana Giraldilla op"]
[Site "Havana"]
[Date "2024.08.17"]
[Round "9"]
[White "Quevedo Puron, Noryan"]
[Black "Ferrer Naranjo, Liennys"]
[Result "1/2-1/2"]
[WhiteElo "1984"]
[BlackElo "1912"]
[PlyCount "107"]
[EventDate "2024.08.12"]
[EventType "swiss"]
[EventRounds "9"]
[EventCountry "CUB"]
[SourceTitle "CBM 221 Extra"]
[Source "ChessBase"]
[SourceDate "2024.09.30"]
[SourceVersion "1"]
[SourceVersionDate "2024.09.30"]
[SourceQuality "1"]

1. d4 d5 2. c4 c6 3. Nc3 Nf6 4. cxd5 cxd5 5. Bf4 Nc6 6. e3 a6 7. Bd3 e6 8. Nf3 Be7 9. h3 b5 10. Rc1 Bb7 11. 0-0 0-0 12. Qe2 Rc8 13. Rfd1 Qa5 14. a3 b4 15. axb4 Nxb4 16. Bb1 Bc6 17. Ne5 Bb5 18. Qf3 Bc4 19. Bg5 Qd8 20. h4 Nd7 21. Qh5 f5 22. g4 Nxe5 23. dxe5 Bxg5 24. hxg5 g6 25. Qh6 Qe7 26. gxf5 exf5 27. f4 Qc5 28. Kf2 Qa7 29. Rd2 Rcd8 30. Qh3 Nc6 31. Ne2 Bxe2 32. Rxc6 Bc4 33. Qf3 d4 34. Rd6 Rxd6 35. exd6 dxe3+ 36. Qxe3 Qxe3+ 37. Kxe3 Rd8 38. Rc2 Bd5 39. Rc5 Bg2 40. Ba2+ Kf8 41. Rc7 Rxd6 42. Rxh7 Be4 43. Bc4 Rb6 44. Rf7+ Ke8 45. Ra7 Bb7 46. Kd4 Kd8 47. Bd5 Bxd5 48. Kxd5 Kc8 49. b3 Kb8 50. Rg7 Kc8 51. Ra7 Kb8 52. Rg7 Kc8 53. Ra7 Kb8 54. Rg7 1/2-1/2

[Event "Havana Giraldilla op"]
[Site "Havana"]
[Date "2024.08.15"]
[Round "7"]
[White "Hernandez Ortega, Javier Enrique"]
[Black "Ferrer Naranjo, Liennys"]
[Result "1/2-1/2"]
[WhiteElo "1888"]
[BlackElo "1912"]
[PlyCount "111"]
[EventDate "2024.08.12"]
[EventType "swiss"]
[EventRounds "9"]
[EventCountry "CUB"]
[SourceTitle "CBM 221 Extra"]
[Source "ChessBase"]
[SourceDate "2024.09.30"]
[SourceVersion "1"]
[SourceVersionDate "2024.09.30"]
[SourceQuality "1"]

1. d4 d5 2. Nf3 Nf6 3. c4 c6 4. Nc3 a6 5. e3 Nbd7 6. cxd5 cxd5 7. Bd3 g6 8. 0-0 Bg7 9. Bd2 0-0 10. a4 b6 11. Qb3 Bb7 12. Rfc1 e6 13. a5 b5 14. Na4 Ne4 15. Be1 Rb8 16. Nc3 Nd6 17. Na2 Nc4 18. Qb4 Bf6 19. b3 Be7 20. Qc3 Nd6 21. Rc2 Ne4 22. Qb2 Bd6 23. Rac1 Qe7 24. b4 Qf6 25. Rd1 h5 26. Nc3 Rbc8 27. Bxe4 dxe4 28. Nd2 Qf5 29. Nb3 Bxb4 30. Nd5 Qxd5 31. Bxb4 Rfd8 32. Rdc1 Rxc2 33. Rxc2 Rc8 34. Nc5 Nxc5 35. Bxc5 e5 36. Bb6 Rxc2 37. Qxc2 Qc4 38. Qxc4 bxc4 39. dxe5 Kf8 40. Kf1 Ke8 41. Ke1 Kd7 42. Kd2 Ke6 43. Bc7 Kd5 44. Kc3 Bc6 45. h4 Ba4 46. Bd6 Bd1 47. Bc7 Be2 48. Kd2 Bf1 49. g3 Bd3 50. Kc3 Ke6 51. Bd6 Kf5 52. Kd2 Kg4 53. Bb4 Kf3 54. Ke1 Kg2 55. Bc3 Kf3 56. Bb4 1/2-1/2

[Event "Havana Giraldilla op"]
[Site "Havana"]
[Date "2024.08.14"]
[Round "5"]
[White "Garcia Aguilera, Yadil"]
[Black "Ferrer Naranjo, Liennys"]
[Result "0-1"]
[WhiteElo "1711"]
[BlackElo "1912"]
[PlyCount "98"]
[EventDate "2024.08.12"]
[EventType "swiss"]
[EventRounds "9"]
[EventCountry "CUB"]
[SourceTitle "CBM 221 Extra"]
[Source "ChessBase"]
[SourceDate "2024.09.30"]
[SourceVersion "1"]
[SourceVersionDate "2024.09.30"]
[SourceQuality "1"]

1. e4 c6 2. d3 d5 3. Nd2 e6 4. Ngf3 Nf6 5. g3 Be7 6. Bg2 0-0 7. 0-0 b6 8. e5 Nfd7 9. Re1 Bb7 10. c4 Qc7 11. Nf1 Rd8 12. Qc2 dxc4 13. Qxc4 c5 14. Bf4 Bd5 15. Qc2 Nc6 16. N1d2 Nf8 17. Rac1 Rac8 18. Ne4 Nb4 19. Qd2 Bxe4 20. Rxe4 Nxd3 21. Rc3 Nxf4 22. Qxf4 Rd1+ 23. Re1 Rxe1+ 24. Nxe1 Ng6 25. Qe4 Qxe5 26. Nd3 Qxe4 27. Bxe4 Rd8 28. Bxg6 hxg6 29. Ne5 Bf6 30. Rd3 Rxd3 31. Nxd3 c4 32. Nb4 Bxb2 33. Kf1 Ba3 34. Nc2 Bc5 35. Ke2 b5 36. f3 e5 37. Kd2 b4 38. Kc1 f5 39. h3 Kf7 40. g4 Ke6 41. Kb2 a5 42. Ne1 g5 43. Nc2 g6 44. Ne1 Kd5 45. Nc2 a4 46. a3 b3 47. Ne1 Kd4 48. Ng2 c3+ 49. Kb1 c2+ 0-1

[Event "World School-ch U13 Girls"]
[Site "Rhodes"]
[Date "2023.04.22"]
[Round "9"]
[White "Ferrer Naranjo, Liennys"]
[Black "Tynyshtyk, Diana"]
[Result "1-0"]
[WhiteElo "1517"]
[BlackElo "1477"]
[PlyCount "75"]
[EventDate "2023.04.14"]
[EventType "swiss"]
[EventRounds "9"]
[EventCountry "GRE"]
[SourceTitle "EXT 2024"]
[Source "ChessBase"]
[SourceDate "2023.10.10"]
[SourceVersion "1"]
[SourceVersionDate "2023.10.10"]
[SourceQuality "1"]

1. e4 c5 2. Nc3 Nc6 3. g3 g6 4. Bg2 Bg7 5. d3 d6 6. f4 e6 7. Nf3 Nge7 8. 0-0 0-0 9. a3 Rb8 10. Nh4 Nd4 11. Ne2 b5 12. Nxd4 Bxd4+ 13. Kh1 Bg7 14. Rb1 Bd7 15. Be3 Qc7 16. g4 f5 17. h3 b4 18. axb4 Rxb4 19. c3 Rbb8 20. Nf3 e5 21. Nh2 Be6 22. Qd2 d5 23. gxf5 gxf5 24. exd5 Nxd5 25. fxe5 Bxe5 26. Nf3 f4 27. Bf2 Bf6 28. d4 Rbd8 29. Rg1 Kh8 30. Rbe1 Bf5 31. Ne5 Ne3 32. Bxe3 Bxe5 33. Bf2 f3 34. Bxf3 Bf4 35. Qd1 Bxh3 36. Bh4 Rb8 37. Re7 Rxb2 38. Bf6+ 1-0

[Event "World School-ch U13 Girls"]
[Site "Rhodes"]
[Date "2023.04.17"]
[Round "4"]
[White "Aadya, Gupta"]
[Black "Ferrer Naranjo, Liennys"]
[Result "0-1"]
[WhiteElo "1547"]
[BlackElo "1517"]
[PlyCount "106"]
[EventDate "2023.04.14"]
[EventType "swiss"]
[EventRounds "9"]
[EventCountry "GRE"]
[SourceTitle "EXT 2024"]
[Source "ChessBase"]
[SourceDate "2023.10.10"]
[SourceVersion "1"]
[SourceVersionDate "2023.10.10"]
[SourceQuality "1"]

1. d4 d5 2. c4 e6 3. g3 Nf6 4. Bg2 Be7 5. Nf3 0-0 6. 0-0 c6 7. b3 Nbd7 8. Bb2 b6 9. Ne5 Bb7 10. Nd2 Rc8 11. e4 dxc4 12. Nxd7 Qxd7 13. bxc4 Bb4 14. Qc2 Bxd2 15. Qxd2 Qe7 16. Qc3 Rfd8 17. Rfe1 Qc7 18. Qf3 Ne8 19. Rac1 Qe7 20. Qg4 Qf6 21. Bc3 Qg6 22. Qe2 Ba6 23. e5 c5 24. Be4 Qg5 25. dxc5 bxc5 26. f4 Qe7 27. f5 Bb7 28. f6 Qc7 29. Qh5 g6 30. Qh6 Rd7 31. Rc2 Rcd8 32. Rf2 Rd1 33. Rf4 Rxe1+ 34. Bxe1 Qxe5 35. Bxb7 Qxe1+ 36. Rf1 Qe5 37. Qh4 Rd4 38. g4 Rf4 39. Qh3 Qxf6 40. Rd1 Rd4 41. Rf1 Qg5 42. Bf3 h5 43. Kh1 hxg4 44. Qg2 Nd6 45. Be2 Kg7 46. Rb1 Rd2 47. Re1 Nxc4 48. Qg3 Qd5+ 49. Kg1 Qd4+ 50. Kh1 Qe4+ 51. Kg1 Rxe2 52. Rxe2 Qxe2 53. Qc3+ Ne5 0-1

[Event "Wch U12 Girls"]
[Site "Batumi"]
[Date "2022.09.19"]
[Round "4"]
[White "Ferrer Naranjo, Liennys"]
[Black "Enkhuyanga, Gantsolmon"]
[Result "0-1"]
[WhiteElo "1558"]
[BlackElo "1301"]
[PlyCount "130"]
[EventDate "2022.09.16"]
[EventType "swiss"]
[EventRounds "11"]
[EventCountry "GEO"]
[SourceTitle "EXT 2023"]
[Source "ChessBase"]
[SourceDate "2022.10.05"]
[SourceVersion "1"]
[SourceVersionDate "2022.10.05"]
[SourceQuality "1"]

1. e4 d6 2. d4 Nf6 3. Nc3 g6 4. f4 Bg7 5. Nf3 0-0 6. Bd3 Nbd7 7. 0-0 c5 8. e5 Ne8 9. Be3 cxd4 10. Bxd4 dxe5 11. fxe5 Nxe5 12. Bxe5 Bxe5 13. Nxe5 Qd4+ 14. Kh1 Qxe5 15. Bc4 Nf6 16. Qf3 Qc7 17. Nd5 Nxd5 18. Bxd5 e6 19. Bb3 Bd7 20. Qf6 Qd8 21. Qe5 Qh4 22. Rf4 Qh6 23. Raf1 Qg7 24. Rf6 Rad8 25. h3 Bc6 26. R1f2 Bd5 27. Bxd5 Rxd5 28. Qc7 Rb5 29. b3 g5 30. c4 Rb6 31. R2f3 h5 32. Qg3 Rc6 33. Rf1 Rcc8 34. Qe5 Rcd8 35. h4 gxh4 36. Qxh5 Rd2 37. R6f2 Rxf2 38. Rxf2 f5 39. Qxh4 Rf6 40. Qf4 Qh6+ 41. Qxh6 Rxh6+ 42. Kg1 Kf7 43. Rd2 Ke7 44. Kf2 Rh7 45. c5 Kf6 46. b4 Rc7 47. a4 a5 48. Rb2 axb4 49. Rxb4 Rxc5 50. Rxb7 Rc2+ 51. Kf3 Ra2 52. Ra7 Ra3+ 53. Kf2 Ke5 54. a5 Kf4 55. a6 Ra2+ 56. Kg1 e5 57. Ra8 e4 58. a7 Ke3 59. Kh2 f4 60. Kh3 Ra6 61. Kg4 Ra5 62. Kh3 Ra2 63. g4 f3 64. Kg3 Ra5 65. Rb8 Rxa7 0-1

[Event "Wch U12 Girls blitz"]
[Site "Rhodes"]
[Date "2022.05.03"]
[Round "7"]
[White "Ferrer Naranjo, Liennys"]
[Black "Hnatyshyn, Anastasiya"]
[Result "0-1"]
[WhiteElo "1210"]
[BlackElo "1784"]
[PlyCount "142"]
[EventDate "2022.05.03"]
[EventType "swiss (blitz)"]
[EventRounds "9"]
[EventCountry "GRE"]
[SourceTitle "CBM 208 Extra"]
[Source "ChessBase"]
[SourceDate "2022.07.31"]
[SourceVersion "1"]
[SourceVersionDate "2022.07.31"]
[SourceQuality "1"]

1. e4 c5 2. Nc3 Nc6 3. g3 g6 4. Bg2 Bg7 5. d3 e6 6. Be3 d6 7. f4 Nge7 8. Nf3 Nd4 9. 0-0 0-0 10. Rb1 Rb8 11. Ne2 Nxf3+ 12. Bxf3 Nc6 13. Bg2 b5 14. Qd2 Qc7 15. Bh3 f5 16. Bg2 Bb7 17. c3 Ne7 18. Qc2 d5 19. e5 Rfc8 20. d4 c4 21. h4 h5 22. Kh2 Kf8 23. Ng1 Ng8 24. Nf3 Nh6 25. Bh3 Ke7 26. Ng5 Ng4+ 27. Bxg4 hxg4 28. Kg2 Rh8 29. Rh1 Rh5 30. Rbd1 Bc6 31. Bd2 a5 32. a3 Qb6 33. Be1 Bh6 34. Qe2 Bxg5 35. fxg5 Kf7 36. Qf2 Kg7 37. Bd2 Qa6 38. Ra1 Qb6 39. Rae1 Qc7 40. Bf4 b4 41. axb4 axb4 42. Rb1 bxc3 43. bxc3 Rhh8 44. Qc2 Qa7 45. Ra1 Qd7 46. Rhb1 Ba4 47. Qc1 Rb3 48. Qd2 Rhb8 49. Be3 Rxb1 50. Rxb1 Rxb1 51. Qa2 Qb5 52. Bf2 Qb3 53. Qe2 Rb2 54. Qe3 Qc2 55. h5 gxh5 56. g6 Kxg6 57. Qf4 Qe4+ 58. Qxe4 fxe4 59. Kf1 Bc2 60. Be3 Bd3+ 61. Kg1 Rc2 62. Bf4 Rxc3 63. Bd2 Rc2 64. Bb4 c3 65. Bxc3 Rxc3 66. Kf2 Rc2+ 67. Ke1 e3 68. Kd1 e2+ 69. Ke1 Rc1+ 70. Kd2 e1Q+ 71. Kxd3 Rc3# 0-1

[Event "Wch U12 Girls blitz"]
[Site "Rhodes"]
[Date "2022.05.03"]
[Round "1"]
[White "Smietanska, Wiktoria"]
[Black "Ferrer Naranjo, Liennys"]
[Result "1-0"]
[WhiteElo "1890"]
[BlackElo "1210"]
[PlyCount "147"]
[EventDate "2022.05.03"]
[EventType "swiss (blitz)"]
[EventRounds "9"]
[EventCountry "GRE"]
[SourceTitle "CBM 208 Extra"]
[Source "ChessBase"]
[SourceDate "2022.07.31"]
[SourceVersion "1"]
[SourceVersionDate "2022.07.31"]
[SourceQuality "1"]

1. c4 e6 2. Nc3 d5 3. cxd5 exd5 4. d4 Nf6 5. Bg5 Be7 6. e3 0-0 7. Bd3 c6 8. Qc2 Nbd7 9. Nge2 Re8 10. 0-0 Nf8 11. Rae1 g6 12. f3 Ne6 13. Bh4 Ng7 14. Bf2 a6 15. Ng3 Ne6 16. a3 Bf8 17. b4 Bg7 18. Rd1 Nc7 19. Rfe1 Nb5 20. a4 Nxc3 21. Qxc3 Be6 22. h3 Qd7 23. Kh2 Rad8 24. e4 dxe4 25. fxe4 Qc8 26. Bc2 Qb8 27. Kg1 Qc8 28. Re2 b5 29. a5 Bc4 30. Bd3 Bxd3 31. Qxd3 Rd7 32. Rc1 Red8 33. Qc3 Ne8 34. Rd2 Qb7 35. Rdd1 Nc7 36. Ne2 Ne6 37. Qxc6 Qxc6 38. Rxc6 Nxd4 39. Nxd4 Bxd4 40. Bxd4 Rxd4 41. Rxd4 Rxd4 42. Rxa6 Rxb4 43. Rb6 Ra4 44. a6 b4 45. Kf2 Kg7 46. Ke3 Ra3+ 47. Kd2 b3 48. Kc3 h5 49. Kb2 Ra2+ 50. Kxb3 Ra5 51. Kb4 Ra1 52. Kb5 g5 53. Kc6 f6 54. Kb7 g4 55. hxg4 hxg4 56. a7 Ra2 57. a8Q Rxg2 58. Kc8 Kg6 59. Qc6 Rf2 60. Qe6 Rf4 61. Rb3 Kg5 62. Qg8+ Kh4 63. Rb1 Kg3 64. Rg1+ Kf3 65. Qg6 Rxe4 66. Qxf6+ Rf4 67. Qg5 Rc4+ 68. Kd7 Rd4+ 69. Ke6 Re4+ 70. Kf5 Rb4 71. Rf1+ Kg3 72. Qe3+ Kg2 73. Qf2+ Kh3 74. Rh1# 1-0

[Event "Wch U12 Girls rapid"]
[Site "Rhodes"]
[Date "2022.05.02"]
[Round "6"]
[White "Hnatyshyn, Anastasiya"]
[Black "Ferrer Naranjo, Liennys"]
[Result "1-0"]
[WhiteElo "1889"]
[BlackElo "1121"]
[PlyCount "127"]
[EventDate "2022.05.01"]
[EventType "swiss (rapid)"]
[EventRounds "9"]
[EventCountry "GRE"]
[SourceTitle "CBM 208 Extra"]
[Source "ChessBase"]
[SourceDate "2022.07.31"]
[SourceVersion "1"]
[SourceVersionDate "2022.07.31"]
[SourceQuality "1"]

1. e4 c6 2. d4 d5 3. Nc3 dxe4 4. Nxe4 Bf5 5. Ng3 Bg6 6. h4 h6 7. Nf3 Nd7 8. Bd3 Bxd3 9. Qxd3 Qc7 10. Bd2 Ngf6 11. 0-0-0 0-0-0 12. Qe2 e6 13. Kb1 Bd6 14. Nf1 Nd5 15. g3 Rhe8 16. c4 N5f6 17. c5 Be7 18. Bf4 Qa5 19. Ne3 Nd5 20. Nxd5 exd5 21. Qd3 Bf6 22. Rhe1 Qb4 23. Rxe8 Rxe8 24. a3 Qa5 25. Qd2 Qxd2 26. Rxd2 Re4 27. Kc2 Kd8 28. Kd3 Ke8 29. Re2 Rxe2 30. Kxe2 Ke7 31. g4 Ke6 32. Kd3 b6 33. b4 bxc5 34. bxc5 Bd8 35. g5 hxg5 36. Nxg5+ Bxg5 37. Bxg5 Nf6 38. f3 Ng8 39. Bf4 Ne7 40. Bb8 a6 41. Bg3 Kf5 42. Kc3 Ng6 43. Kb4 Nf4 44. Ka5 Ne2 45. Bf2 Kf4 46. Kxa6 Nc3 47. Kb6 Kxf3 48. Be1 Ne2 49. Kxc6 Nxd4+ 50. Kxd5 Ne6 51. c6 Ke2 52. Bg3 Kf3 53. Be5 g6 54. c7 Nxc7+ 55. Bxc7 f5 56. a4 Kg4 57. a5 Kxh4 58. a6 Kg4 59. a7 f4 60. a8Q f3 61. Qa4+ Kh3 62. Qf4 Kg2 63. Qg3+ Kf1 64. Qxf3+ 1-0

[Event "World Cup U12 Girls Prel"]
[Site "Tornelo INT"]
[Date "2021.08.16"]
[Round "2"]
[White "Ferrer Naranjo, Liennys"]
[Black "Sachi, Jain"]
[Result "0-1"]
[WhiteElo "1225"]
[BlackElo "1460"]
[PlyCount "58"]
[EventDate "2021.08.16"]
[EventType "swiss (rapid)"]
[EventRounds "10"]
[EventCountry "NET"]
[SourceTitle "EXT 2025"]
[Source "ChessBase"]
[SourceDate "2024.10.14"]
[SourceVersion "1"]
[SourceVersionDate "2024.10.14"]
[SourceQuality "1"]

1. e4 e5 2. Nf3 Nc6 3. d4 exd4 4. Bc4 Bc5 5. c3 Nf6 6. e5 d5 7. Bb5 Ne4 8. cxd4 Bb6 9. Nc3 Bg4 10. Be3 0-0 11. Bxc6 bxc6 12. 0-0 Qe7 13. h3 Bh5 14. Re1 Qb4 15. Qc2 Nxc3 16. bxc3 Qe7 17. Qe2 f6 18. g4 Bg6 19. exf6 Qxf6 20. Ne5 Qd6 21. Qd2 Be4 22. Bf4 c5 23. Bg3 cxd4 24. cxd4 Rae8 25. Rac1 c5 26. dxc5 Bxc5 27. Nd3 Qxg3+ 28. Kf1 Bxd3+ 29. Qxd3 Rxf2# 0-1

[Event "Wch FIDE Online U10 Girls America qual"]
[Site "Tornelo INT"]
[Date "2020.12.02"]
[Round "2"]
[White "Gomez Gonzales, Fabiana"]
[Black "Ferrer Naranjo, Liennys"]
[Result "1-0"]
[WhiteElo "1008"]
[BlackElo "1121"]
[PlyCount "85"]
[EventDate "2020.12.01"]
[EventType "swiss (rapid)"]
[EventRounds "7"]
[EventCountry "ISS"]
[SourceTitle "EXT 2022"]
[Source "ChessBase"]
[SourceDate "2021.10.06"]
[SourceVersion "1"]
[SourceVersionDate "2021.10.06"]
[SourceQuality "1"]

1. e4 c6 2. Nf3 d5 3. Nc3 Bg4 4. h3 Bxf3 5. Qxf3 e6 6. exd5 cxd5 7. Bb5+ Nd7 8. Qe3 Ngf6 9. 0-0 Bd6 10. d4 0-0 11. a3 Rc8 12. Qf3 h6 13. Be3 a6 14. Ba4 b5 15. Bb3 Nb6 16. Bf4 Nc4 17. Bxd6 Qxd6 18. Bxc4 Rxc4 19. Rad1 Rfc8 20. Rd3 b4 21. axb4 Qxb4 22. Rb1 Rxd4 23. Rxd4 Qxd4 24. Rd1 Qb4 25. Rb1 d4 26. Ne4 Nxe4 27. Qxe4 Qc4 28. Rc1 d3 29. Qxc4 Rxc4 30. c3 Rc6 31. Rd1 Rd6 32. f3 Kf8 33. Kf2 Rb6 34. Rd2 Rd6 35. Ke3 Ke7 36. Rxd3 Rb6 37. Rd2 a5 38. g4 f6 39. Kf2 e5 40. Kg3 Ke6 41. f4 exf4+ 42. Kxf4 Kf7 43. Kf5 1-0